Capitales d'Amérique - Statistiques

Statistiques générales
  • Ce quiz a été pris 737 fois
  • Le résultat moyen est 24 sur 35
Statistiques - réponses
Pays Capitale % Correct
Argentine Buenos Aires
97%
Brésil Brasilia
94%
Mexique Mexico
94%
États-Unis Washington
94%
Canada Ottawa
91%
Colombie Bogota
87%
Chili Santiago
87%
Bolivie La Paz / Sucre
86%
Cuba La Havane
85%
Pérou Lima
85%
Panama Panama
85%
Venezuela Caracas
82%
Uruguay Montevideo
82%
Équateur Quito
78%
Jamaïque Kingston
75%
Saint-Vincent-et-les-Grenadines Kingstown
75%
Guatemala Guatemala
74%
Haïti Port-au-Prince
67%
République Dominicaine Saint-Domingue
65%
Salvador San Salvador
64%
Costa Rica San José
63%
Paraguay Asuncion
62%
Guyana Georgetown
61%
Bahamas Nassau
57%
Nicaragua Managua
55%
Honduras Tegucigalpa
53%
Suriname Paramaribo
51%
Belize Belmopan
50%
Trinité-et-Tobago Port-d'Espagne
47%
Grenade Saint-Georges
46%
Dominique Roseau
45%
Antigua-et-Barbuda Saint John's
45%
Sainte-Lucie Castries
43%
Barbade Bridgetown
42%
Saint-Christophe-et-Niévès Basseterre
41%
Aucun quiz correspondant
Distribution des résultats
% des personnes avec chaque résultat
Percentile par nombre de réponses
Votre historique - résultats
Vous n’avez pas pris ce quiz